| 000 | 00681nam a2200253Ia 4500 | ||
|---|---|---|---|
| 001 | 943 | ||
| 003 | GE_BSU | ||
| 008 | 181216s||||||||xx |||||||||||||| ||und|| | ||
| 040 | _cGE_BSU | ||
| 080 | _a339.138(075.8) | ||
| 100 | _aКревенс,Девид | ||
| 245 | _aСтратегический маркетинг | ||
| 245 | _bПер. с англ. | ||
| 250 | _a6-е изд-е | ||
| 260 | _aМосква | ||
| 260 | _bИзд.дом "Вильямс | ||
| 260 | _c2003 | ||
| 300 | _a752стр. | ||
| 541 | _h25л. | ||
| 653 | _aМаркетинг | ||
| 653 | _aСтратегический маркетинг | ||
| 653 | _aმარკეტინგი | ||
| 942 | _cBK | ||
| 999 |
_c35102 _d35102 |
||